| 000 | 00394nam a2200169Ia 4500 | ||
|---|---|---|---|
| 003 | 0STCL | ||
| 008 | 150530s9999 xx 000 0 und d | ||
| 040 |
_aSTCL _cSTCL |
||
| 100 | _aSaha, M.N.; Srivastava, B.N. | ||
| 245 | _aText book of heat for junior students | ||
| 250 | _aThird | ||
| 260 | _c1943 | ||
| 546 | _aEnglish | ||
| 942 |
_2ddc _cBK |
||
| 999 |
_c29658 _d29658 |
||
| 005 | 20220125170153.0 | ||